MARC

LEADER 00000nam0a2200000 4500
001 231072
005 20231101231042.0
035 |a (RuTPU)RU\TPU\book\252087 
090 |a 231072 
100 |a 20130129d1946 k y0rusy50 ca 
101 0 |a rus 
102 |a RU 
105 |a a z 001zy 
200 1 |a Диаграмма для интерпретации глубокофокусных землетрясений  |f Е. Ф. Саваренский  |g Академия наук СССР (АН СССР), Сейсмологический институт 
210 |a Москва  |a Ленинград  |c Изд-во АН СССР  |d 1946 
215 |a 6 с.  |c ил. 
225 1 |a Труды Сейсмологического института  |v № 114 
317 |5 63413507: КР-634  |a Поступила в НТБ в 2004 г. в составе книжного собрания профессора ТПИ К. В. Радугина. 
320 |a Библиогр.: с. 5. 
606 1 |a Землетрясения  |x Интенсивность  |x Определение  |2 stltpush  |3 (RuTPU)RU\TPU\subj\11720  |9 38629 
610 1 |a диаграммы 
610 1 |a интерпретация 
610 1 |a сейсмология 
610 1 |a сейсмические станции 
610 1 |a библиотека К. В. Радугина 
675 |a 550.348.436.098  |v 3 
700 1 |a Саваренский  |b Е. Ф.  |c русский геолог-сейсмолог  |f 1911-1980  |g Евгений Федорович  |2 stltpush  |3 (RuTPU)RU\TPU\pers\30131  |9 14536 
712 0 2 |a Академия наук СССР (АН СССР)  |b Сейсмологический институт  |2 stltpush  |3 (RuTPU)RU\TPU\col\18532 
801 1 |a RU  |b 63413507  |c 20130129 
801 2 |a RU  |b 63413507  |c 20130620  |g RCR 
942 |c BK